Harry Potter y la cámara secreta
Salvato in:
| Autore principale: | |
|---|---|
| Natura: | Libro |
| Lingua: | spagnolo |
| Pubblicazione: |
Barcelona
Salamandra
2002
|
| Edizione: | 26a. ed |
| Serie: | Harry Potter, 2
|
| Soggetti: | |
| Tags: |
Aggiungi Tag
Nessun Tag, puoi essere il primo ad aggiungerne!!
|
MARC
| LEADER | 00000nam a2200000 a 4500 | ||
|---|---|---|---|
| 001 | UCM9240 | ||
| 003 | CL-VaPUC | ||
| 008 | 030417e20020100SP |||||||||||||||||spa|d | ||
| 082 | 0 | 4 | |a 823 |b ROW |2 21 |
| 100 | 0 | |a Rowling, Joanne K |e author |9 475652 | |
| 245 | 1 | 0 | |a Harry Potter y la cámara secreta |
| 250 | |a 26a. ed | ||
| 300 | |a 286 p | ||
| 942 | |c BK | ||
| 945 | |d 20030417 00:00:00 |a vberengu | ||
| 260 | |a Barcelona |b Salamandra |c 2002 | ||
| 650 | 0 | |a Novelas inglesas |9 265220 | |
| 650 | 0 | |a Literatura juvenil |9 309909 | |
| 583 | |a last modification |c 20030417 00:00:00 |k Rodrigo Vera | ||
| 490 | 0 | |a Harry Potter, 2 | |
| 999 | |c 303566 |d 303564 | ||
| 952 | |0 0 |1 0 |4 0 |6 823_000000000000000_ROW_2002 |7 0 |8 A |9 364962 |a BIBGIM |b BIBGIM |d 2019-11-21 |i 3897869 |l 4 |o 823 ROW 2002 |p 3897869 |r 2025-04-02 |s 2025-03-28 |w 2019-11-21 |y BK |k EST | ||